[Event "14th SRB-ch Women 2020"]
[Site "Vrnjacka Banja"]
[Date "2020.12.12"]
[Round "8.2"]
[White "Drljevic, Ljilja"]
[Black "Eric, Jovana"]
[Result "0-1"]
[WhiteElo "2174"]
[BlackElo "2278"]
[Annotator "ChessBase"]
[PlyCount "52"]
[EventDate "2020.12.07"]
[EventType "tourn"]
[EventCountry "SRB"]
[SourceTitle "playchess.com"]
[Source "ChessBase"]
[SourceQuality "1"]
[TimeControl "40/5400+30:1800+30"]

1. e4 {[%emt 0:00:00]} c5 {[%emt 0:00:00]} 2. Nf3 {[%emt 0:00:00]} g6 {[%emt 0:00:00]} 3. c3 {[%emt 0:03:42]} d5 {[%emt 0:02:19]} 4. e5 {[%emt 0:01:01]} Nc6 {[%emt 0:00:49]} 5. Bb5 {[%emt 0:03:12]} Bd7 {[%emt 0:03:27]} 6. Bxc6 {[%emt 0:06:52]} Bxc6 {[%emt 0:00:30]} 7. d4 {[%emt 0:01:44]} cxd4 {[%emt 0:02:30]} 8. cxd4 {[%emt 0:00:16]} Bg7 {[%emt 0:01:24]} 9. h4 {[%emt 0:04:39]} Qd7 {[%emt 0:05:06]} 10. h5 {[%emt 0:03:21]} O-O-O {[%emt 0:03:16]} 11. h6 {[%emt 0:03:56]} Bf8 {[%emt 0:00:17]} 12. Nc3 {[%emt 0:02:40]} Kb8 {[%emt 0:03:14]} 13. Qd3 {[%emt 0:37:01]} f6 {[%emt 0:07:26]} 14. Bf4 {[%emt 0:11:35]} Ka8 {[%emt 0:04:02]} 15. b4 {[%emt 0:01:00]} Qe6 {[%emt 0:05:06]} 16. b5 {[%emt 0:01:38]} Be8 {[%emt 0:00:20]} 17. Na4 {[%emt 0:02:37]} g5 {[%emt 0:01:04]} 18. Bd2 {[%emt 0:09:53]} Nxh6 {[%emt 0:06:55]} 19. Qa3 {[%emt 0:02:17]} Bxb5 {[%emt 0:04:25]} 20. Ba5 {[%emt 0:01:11]} Rc8 {[%emt 0:03:16]} 21. Rb1 {[%emt 0:01:06]} Qc6 {[%emt 0:03:34]} 22. Nc3 {[%emt 0:00:41]} Ba6 {[%emt 0:01:51]} 23. Nd2 {[%emt 0:00:22]} fxe5 {[%emt 0:02:06]} 24. Nb3 {[%emt 0:00:39]} e6 {[%emt 0:01:57]} 25. Qa4 {[%emt 0:00:29]} b5 {[%emt 0:00:56]} 26. Rxh6 {[%emt 0:00:31]} bxa4 {[%emt 0:00:27]} 0-1

[Event "14th SRB-ch Women 2020"]
[Site "Vrnjacka Banja"]
[Date "2020.12.12"]
[Round "8.3"]
[White "Benderac, Ana"]
[Black "Injac, Teodora"]
[Result "1/2-1/2"]
[WhiteElo "2202"]
[BlackElo "2290"]
[Annotator "NA"]
[PlyCount "48"]
[EventDate "2020.12.07"]
[EventType "tourn"]
[EventCountry "SRB"]
[SourceTitle "playchess.com"]
[Source "ChessBase"]
[SourceQuality "1"]
[TimeControl "40/5400+30:1800+30"]

1. b3 {[%emt 0:00:00]} Nf6 {[%emt 0:02:25]} 2. Bb2 {[%emt 0:00:00]} g6 {[%emt 0:00:12]} 3. Bxf6 {[%emt 0:00:10]} exf6 {[%emt 0:00:05]} 4. c4 {[%emt 0:00:08]} d5 {[%emt 0:00:57]} 5. cxd5 {[%emt 0:00:23]} Qxd5 {[%emt 0:00:05]} 6. Nc3 {[%emt 0:00:13]} Qd8 {[%emt 0:03:44]} 7. g3 {[%emt 0:01:55]} Bg7 {[%emt 0:01:59]} 8. Bg2 {[%emt 0:00:42]} f5 {[%emt 0:01:07]} 9. e3 {[%emt 0:04:52]} O-O {[%emt 0:10:47]} 10. Nge2 {[%emt 0:00:52]} c5 {[%emt 0:04:20]} 11. Rc1 {[%emt 0:00:17]} Na6 {[%emt 0:01:57]} 12. O-O {[%emt 0:08:49]} Rb8 {[%emt 0:02:01]} 13. d4 {[%emt 0:04:09]} b6 {[%emt 0:08:23]} 14. Na4 {[%emt 0:13:32]} Bd7 {[%emt 0:08:22]} 15. dxc5 {[%emt 0:01:24]} Bxa4 {[%emt 0:06:39]} 16. bxa4 {[%emt 0:01:18]} Nxc5 {[%emt 0:07:08]} 17. a5 {[%emt 0:02:46]} Ne4 {[%emt 0:03:16]} 18. Bxe4 {[%emt 0:03:28]} fxe4 {[%emt 0:00:06]} 19. a6 {[%emt 0:00:15]} b5 {[%emt 0:12:30]} 20. Qxd8 {[%emt 0:09:23]} Rfxd8 {[%emt 0:00:41]} 21. Rc7 {[%emt 0:01:32]} Rd2 {[%emt 0:01:57]} 22. Nf4 {[%emt 0:00:11]} Rxa2 {[%emt 0:09:07]} 23. Rxa7 {[%emt 0:00:29]} Rb6 {[%emt 0:02:34]} 24. Rb1 {[%emt 0:00:43]} Raxa6 {[%emt 0:03:49]} 1/2-1/2

[Event "14th SRB-ch Women 2020"]
[Site "Vrnjacka Banja"]
[Date "2020.12.12"]
[Round "8.4"]
[White "Prudnikova, Svetlana"]
[Black "Gajcin, Marina"]
[Result "1/2-1/2"]
[WhiteElo "2181"]
[BlackElo "2239"]
[Annotator "NA"]
[PlyCount "75"]
[EventDate "2020.12.07"]
[EventType "tourn"]
[EventCountry "SRB"]
[SourceTitle "playchess.com"]
[Source "ChessBase"]
[SourceQuality "1"]
[TimeControl "40/5400+30:1800+30"]

1. Nf3 {[%emt 0:00:00]} c5 {[%emt 0:00:28]} 2. c4 {[%emt 0:00:00]} Nc6 {[%emt 0:00:41]} 3. d4 {[%emt 0:00:09]} cxd4 {[%emt 0:08:45]} 4. Nxd4 {[%emt 0:00:04]} g6 {[%emt 0:02:43]} 5. e4 {[%emt 0:00:24]} d6 {[%emt 0:00:33]} 6. Nc3 {[%emt 0:00:46]} Bg7 {[%emt 0:00:31]} 7. Be3 {[%emt 0:00:08]} Nf6 {[%emt 0:00:09]} 8. Be2 {[%emt 0:00:03]} O-O {[%emt 0:01:04]} 9. O-O {[%emt 0:00:28]} Bd7 {[%emt 0:00:11]} 10. Qd2 {[%emt 0:01:08]} Nxd4 {[%emt 0:00:42]} 11. Bxd4 {[%emt 0:00:06]} Bc6 {[%emt 0:00:04]} 12. f3 {[%emt 0:00:23]} a5 {[%emt 0:00:09]} 13. b3 {[%emt 0:02:45]} Nd7 {[%emt 0:00:08]} 14. Be3 {[%emt 0:00:58]} Nc5 {[%emt 0:00:42]} 15. Rab1 {[%emt 0:07:28]} e6 {[%emt 0:01:55]} 16. Rbd1 {[%emt 0:05:03]} Be5 {[%emt 0:00:32]} 17. Bd4 {[%emt 0:01:06]} f5 {[%emt 0:40:54]} 18. exf5 {[%emt 0:15:15]} gxf5 {[%emt 0:02:16]} 19. Bxe5 {[%emt 0:08:04]} dxe5 {[%emt 0:00:14]} 20. Qe3 {[%emt 0:01:10]} Nd7 {[%emt 0:01:29]} 21. Rd6 {[%emt 0:01:57]} Rf6 {[%emt 0:04:47]} 22. Rfd1 {[%emt 0:01:57]} Rg6 {[%emt 0:03:32]} 23. c5 {[%emt 0:06:26]} Qe7 {[%emt 0:07:38]} 24. Bb5 {[%emt 0:13:49]} f4 {[%emt 0:08:34]} 25. Qf2 {[%emt 0:01:24]} Bxb5 {[%emt 0:00:14]} 26. Nxb5 {[%emt 0:00:01]} Nf6 {[%emt 0:00:13]} 27. Nc3 {[%emt 0:01:32]} Kh8 {[%emt 0:00:35]} 28. Re1 {[%emt 0:17:02]} Rag8 {[%emt 0:01:29]} 29. Rxe5 {[%emt 0:01:57]} Ne8 {[%emt 0:00:52]} 30. Rd2 {[%emt 0:08:03]} Qg7 {[%emt 0:00:17]} 31. Rde2 {[%emt 0:00:16]} Nc7 {[%emt 0:05:24]} 32. Kf1 {[%emt 0:01:05]} Rd8 {[%emt 0:00:40]} 33. Qe1 {[%emt 0:01:29]} Rd3 {[%emt 0:01:05]} 34. Rf2 {[%emt 0:03:01]} Rh6 {[%emt 0:04:15]} 35. Kg1 {[%emt 0:01:20]} Rg6 {[%emt 0:01:21]} 36. Kf1 {[%emt 0:00:10]} Rh6 {[%emt 0:00:28]} 37. Kg1 {[%emt 0:00:12]} Rg6 {[%emt 0:00:12]} 38. Kf1 {[%emt 0:00:12]} 1/2-1/2

[Event "14th SRB-ch Women 2020"]
[Site "Vrnjacka Banja"]
[Date "2020.12.12"]
[Round "8.5"]
[White "Srdanovic, Jovana"]
[Black "Rapport, Jovana"]
[Result "1/2-1/2"]
[WhiteElo "2149"]
[BlackElo "2308"]
[Annotator "NA"]
[PlyCount "127"]
[EventDate "2020.12.07"]
[EventType "tourn"]
[EventCountry "SRB"]
[SourceTitle "playchess.com"]
[Source "ChessBase"]
[SourceQuality "1"]
[TimeControl "40/5400+30:1800+30"]

1. d4 {[%emt 0:00:00]} d6 {[%emt 0:00:00]} 2. c4 {[%emt 0:00:00]} g6 {[%emt 0:00:00]} 3. Nc3 {[%emt 0:00:00]} Bg7 {[%emt 0:00:00]} 4. Nf3 {[%emt 0:00:06]} e5 {[%emt 0:01:19]} 5. d5 {[%emt 0:10:01]} a5 {[%emt 0:05:30]} 6. e4 {[%emt 0:00:34]} Na6 {[%emt 0:00:21]} 7. Bd3 {[%emt 0:00:48]} Nc5 {[%emt 0:00:05]} 8. Bc2 {[%emt 0:00:04]} Bd7 {[%emt 0:06:22]} 9. Be3 {[%emt 0:04:29]} Nh6 {[%emt 0:00:20]} 10. h3 {[%emt 0:03:37]} f6 {[%emt 0:02:35]} 11. Qc1 {[%emt 0:08:43]} Nf7 {[%emt 0:01:52]} 12. Qd2 {[%emt 0:18:40]} Qe7 {[%emt 0:03:57]} 13. Rb1 {[%emt 0:10:39]} f5 {[%emt 0:04:32]} 14. Qe2 {[%emt 0:07:29]} f4 {[%emt 0:06:34]} 15. Bxc5 {[%emt 0:01:14]} dxc5 {[%emt 0:00:05]} 16. Ba4 {[%emt 0:00:06]} Bxa4 {[%emt 0:04:55]} 17. Nxa4 {[%emt 0:00:05]} Bf8 {[%emt 0:00:03]} 18. b3 {[%emt 0:02:37]} g5 {[%emt 0:01:59]} 19. Kd1 {[%emt 0:01:51]} h5 {[%emt 0:02:31]} 20. Ne1 {[%emt 0:03:18]} Qd7 {[%emt 0:04:45]} 21. Nd3 {[%emt 0:00:17]} b6 {[%emt 0:00:05]} 22. Kc2 {[%emt 0:00:11]} Bd6 {[%emt 0:00:37]} 23. f3 {[%emt 0:04:01]} O-O-O {[%emt 0:04:05]} 24. Nf2 {[%emt 0:02:09]} Nh6 {[%emt 0:02:21]} 25. Nc3 {[%emt 0:01:19]} Rdg8 {[%emt 0:00:09]} 26. Rbg1 {[%emt 0:04:54]} Rg6 {[%emt 0:03:26]} 27. Nb5 {[%emt 0:02:17]} Kb7 {[%emt 0:02:27]} 28. a4 {[%emt 0:01:28]} Rhg8 {[%emt 0:07:19]} 29. Nxd6+ {[%emt 0:00:19]} cxd6 {[%emt 0:00:11]} 30. g4 {[%emt 0:00:14]} fxg3 {[%emt 0:03:11]} 31. Rxg3 {[%emt 0:00:05]} h4 {[%emt 0:00:03]} 32. Rg2 {[%emt 0:02:28]} Rf8 {[%emt 0:06:43]} 33. Nd3 {[%emt 0:00:26]} Rf7 {[%emt 0:04:35]} 34. Qe3 {[%emt 0:00:22]} Rfg7 {[%emt 0:00:11]} 35. Nf2 {[%emt 0:01:34]} Qf7 {[%emt 0:04:40]} 36. Nd3 {[%emt 0:02:10]} Ng8 {[%emt 0:02:45]} 37. Rhg1 {[%emt 0:00:11]} Qe7 {[%emt 0:00:23]} 38. Kb2 {[%emt 0:01:59]} Ka6 {[%emt 0:00:36]} 39. Qc1 {[%emt 0:01:05]} Qf6 {[%emt 0:06:40]} 40. Qe3 {[%emt 0:00:23]} Qd8 {[%emt 0:00:09]} 41. Qc1 {[%emt 0:31:56]} Nh6 {[%emt 0:34:43]} 42. Qe3 {[%emt 0:01:51]} Qg8 {[%emt 0:02:06]} 43. Qd2 {[%emt 0:04:00]} Nf7 {[%emt 0:02:47]} 44. Rh2 {[%emt 0:00:00]} Rf6 {[%emt 0:00:00]} 45. Qe3 {[%emt 0:00:00]} Qh8 {[%emt 0:00:00]} 46. Rhg2 {[%emt 0:00:00]} Qh5 {[%emt 0:00:00]} 47. Rg4 {[%emt 0:00:00]} Qh8 {[%emt 0:00:00]} 48. R4g2 {[%emt 0:00:00]} Qf8 {[%emt 0:00:00]} 49. Rf1 {[%emt 0:00:00]} Rg8 {[%emt 0:00:00]} 50. Kc3 {[%emt 0:00:00]} Qc8 {[%emt 0:00:00]} 51. Rh1 {[%emt 0:00:00]} Rf8 {[%emt 0:00:00]} 52. Rf2 {[%emt 0:00:00]} Qd8 {[%emt 0:00:00]} 53. Rg1 {[%emt 0:00:00]} Qd7 {[%emt 0:00:00]} 54. Rh1 {[%emt 0:00:00]} Rg6 {[%emt 0:00:00]} 55. Rg2 {[%emt 0:00:00]} Qe7 {[%emt 0:00:00]} 56. Rhg1 {[%emt 0:00:00]} Rf6 {[%emt 0:00:00]} 57. Rf2 {[%emt 0:00:00]} Qd7 {[%emt 0:00:00]} 58. Rh1 {[%emt 0:00:00]} Qc8 {[%emt 0:00:00]} 59. Kc2 {[%emt 0:00:00]} Rg8 {[%emt 0:00:00]} 60. Rg2 {[%emt 0:00:00]} Rfg6 {[%emt 0:00:00]} 61. Nf2 {[%emt 0:00:00]} Rf6 {[%emt 0:00:00]} 62. Nd3 {[%emt 0:00:00]} Qf8 {[%emt 0:00:31]} 63. Rf1 {[%emt 0:00:00]} Rg7 {[%emt 0:00:44]} 64. Kc3 {[%emt 0:00:00]} 1/2-1/2

[Event "14th SRB-ch Women 2020"]
[Site "Vrnjacka Banja"]
[Date "2020.12.13"]
[Round "9.1"]
[White "Rapport, Jovana"]
[Black "Velikic, Adela"]
[Result "0-1"]
[WhiteElo "2308"]
[BlackElo "2278"]
[Annotator "ChessBase"]
[PlyCount "108"]
[EventDate "2020.12.07"]
[EventType "tourn"]
[EventCountry "SRB"]
[SourceTitle "playchess.com"]
[Source "ChessBase"]
[SourceQuality "1"]
[TimeControl "40/5400+30:1800+30"]

1. Nf3 {[%emt 0:00:00]} d5 {[%emt 0:00:00]} 2. g3 {[%emt 0:00:00]} Nf6 {[%emt 0:00:02]} 3. Bg2 {[%emt 0:00:21]} c6 {[%emt 0:00:14]} 4. O-O {[%emt 0:03:27]} Bf5 {[%emt 0:00:15]} 5. c4 {[%emt 0:00:05]} e6 {[%emt 0:10:17]} 6. cxd5 {[%emt 0:00:38]} exd5 {[%emt 0:06:54]} 7. d3 {[%emt 0:01:10]} Be7 {[%emt 0:03:40]} 8. Nc3 {[%emt 0:05:28]} O-O {[%emt 0:02:18]} 9. Nd4 {[%emt 0:00:24]} Bg6 {[%emt 0:05:56]} 10. e4 {[%emt 0:00:10]} Na6 {[%emt 0:07:49]} 11. e5 {[%emt 0:00:46]} Nd7 {[%emt 0:04:44]} 12. f4 {[%emt 0:00:30]} Bc5 {[%emt 0:04:11]} 13. Be3 {[%emt 0:02:08]} Qe7 {[%emt 0:11:32]} 14. Qe2 {[%emt 0:50:57]} Nb4 {[%emt 0:20:36]} 15. Rad1 {[%emt 0:04:26]} Nxe5 {[%emt 0:02:35]} 16. a3 {[%emt 0:10:25]} Bxd3 {[%emt 0:09:25]} 17. Rxd3 {[%emt 0:05:55]} Nexd3 {[%emt 0:00:10]} 18. axb4 {[%emt 0:00:39]} Nxb4 {[%emt 0:02:03]} 19. Qd2 {[%emt 0:00:19]} Rfe8 {[%emt 0:03:02]} 20. Bf2 {[%emt 0:00:08]} Qf6 {[%emt 0:01:20]} 21. g4 {[%emt 0:00:29]} Qg6 {[%emt 0:01:23]} 22. Na4 {[%emt 0:02:59]} Bxd4 {[%emt 0:00:53]} 23. Qxd4 {[%emt 0:00:45]} a5 {[%emt 0:00:45]} 24. f5 {[%emt 0:00:32]} Qd6 {[%emt 0:00:42]} 25. Bg3 {[%emt 0:03:15]} Qf6 {[%emt 0:00:39]} 26. Qxf6 {[%emt 0:00:29]} gxf6 {[%emt 0:00:01]} 27. Nb6 {[%emt 0:00:01]} Rad8 {[%emt 0:01:06]} 28. Bc7 {[%emt 0:00:24]} Nd3 {[%emt 0:00:39]} 29. Ra1 {[%emt 0:03:30]} Nxb2 {[%emt 0:00:30]} 30. Bxd8 {[%emt 0:00:05]} Rxd8 {[%emt 0:00:11]} 31. Rxa5 {[%emt 0:00:07]} d4 {[%emt 0:00:36]} 32. Ra2 {[%emt 0:03:05]} Nd3 {[%emt 0:00:28]} 33. h3 {[%emt 0:00:19]} Ne5 {[%emt 0:00:40]} 34. Kf2 {[%emt 0:00:14]} Kg7 {[%emt 0:00:32]} 35. Bf1 {[%emt 0:00:27]} h5 {[%emt 0:00:40]} 36. gxh5 {[%emt 0:00:46]} Kh6 {[%emt 0:00:17]} 37. Nc4 {[%emt 0:02:18]} Kxh5 {[%emt 0:00:39]} 38. Ra7 {[%emt 0:00:15]} d3 {[%emt 0:00:33]} 39. Nxe5 {[%emt 0:00:07]} fxe5 {[%emt 0:00:01]} 40. Rxb7 {[%emt 0:00:13]} Kg5 {[%emt 0:00:54]} 41. Rb1 {[%emt 0:12:30]} Kf4 {[%emt 0:06:21]} 42. Rc1 {[%emt 0:12:06]} e4 {[%emt 0:14:52]} 43. Rxc6 {[%emt 0:00:13]} d2 {[%emt 0:03:09]} 44. Be2 {[%emt 0:00:26]} e3+ {[%emt 0:05:02]} 45. Kg2 {[%emt 0:00:14]} d1=Q {[%emt 0:00:12]} 46. Bxd1 {[%emt 0:00:07]} Rd2+ {[%emt 0:00:16]} 47. Be2 {[%emt 0:02:33]} Rxe2+ {[%emt 0:00:06]} 48. Kf1 {[%emt 0:00:02]} Ra2 {[%emt 0:02:33]} 49. Rc1 {[%emt 0:02:01]} Kf3 {[%emt 0:00:30]} 50. Kg1 {[%emt 0:00:03]} Rg2+ {[%emt 0:00:45]} 51. Kh1 {[%emt 0:00:27]} Rd2 {[%emt 0:00:29]} 52. Kg1 {[%emt 0:01:49]} Rd3 {[%emt 0:00:24]} 53. Rf1+ {[%emt 0:01:33]} Kg3 {[%emt 0:00:31]} 54. Re1 {[%emt 0:00:09]} e2 {[%emt 0:00:36]} 0-1

[Event "14th SRB-ch Women 2020"]
[Site "Vrnjacka Banja"]
[Date "2020.12.13"]
[Round "9.3"]
[White "Injac, Teodora"]
[Black "Prudnikova, Svetlana"]
[Result "1/2-1/2"]
[WhiteElo "2290"]
[BlackElo "2181"]
[Annotator "ChessBase"]
[PlyCount "83"]
[EventDate "2020.12.07"]
[EventType "tourn"]
[EventCountry "SRB"]
[SourceTitle "playchess.com"]
[Source "ChessBase"]
[SourceQuality "1"]
[TimeControl "40/5400+30:1800+30"]

1. d4 {[%emt 0:00:00]} d5 {[%emt 0:00:00]} 2. c4 {[%emt 0:00:18]} c6 {[%emt 0:00:00]} 3. Nf3 {[%emt 0:00:58]} e6 {[%emt 0:00:20]} 4. e3 {[%emt 0:02:15]} f5 {[%emt 0:00:22]} 5. Nc3 {[%emt 0:03:17]} Nf6 {[%emt 0:00:41]} 6. Be2 {[%emt 0:01:56]} Bd6 {[%emt 0:04:30]} 7. Ne5 {[%emt 0:05:22]} Nbd7 {[%emt 0:17:53]} 8. f4 {[%emt 0:03:54]} Ne4 {[%emt 0:03:13]} 9. Nxe4 {[%emt 0:02:28]} fxe4 {[%emt 0:00:45]} 10. O-O {[%emt 0:01:47]} O-O {[%emt 0:00:25]} 11. Bd2 {[%emt 0:07:10]} Nxe5 {[%emt 0:21:23]} 12. dxe5 {[%emt 1:06:35]} Be7 {[%emt 0:46:28]} 13. Bc3 {[%emt 0:00:00]} Kh8 {[%emt 0:00:00]} 14. g4 {[%emt 0:00:00]} Bc5 {[%emt 0:00:00]} 15. Bd4 {[%emt 0:00:00]} Qb6 {[%emt 0:00:00]} 16. cxd5 {[%emt 0:00:00]} cxd5 {[%emt 0:00:00]} 17. Rc1 {[%emt 0:00:00]} Bxd4 {[%emt 0:00:00]} 18. Qxd4 {[%emt 0:00:00]} Qxd4 {[%emt 0:00:00]} 19. exd4 {[%emt 0:00:00]} Rf7 {[%emt 0:00:00]} 20. Kg2 {[%emt 0:00:00]} Kg8 {[%emt 0:00:00]} 21. h4 {[%emt 0:00:00]} g6 {[%emt 0:00:00]} 22. Kg3 {[%emt 0:00:00]} Bd7 {[%emt 0:00:00]} 23. h5 {[%emt 0:00:00]} gxh5 {[%emt 0:00:00]} 24. g5 {[%emt 0:00:00]} h6 {[%emt 0:00:00]} 25. Bxh5 {[%emt 0:00:00]} Rg7 {[%emt 0:00:00]} 26. Bg4 {[%emt 0:00:00]} hxg5 {[%emt 0:00:41]} 27. fxg5 {[%emt 0:00:00]} Rxg5 {[%emt 0:02:23]} 28. Kh4 {[%emt 0:00:00]} Rg7 {[%emt 0:00:13]} 29. Rc7 {[%emt 0:00:00]} Bc6 {[%emt 0:02:07]} 30. Bxe6+ {[%emt 0:00:00]} Kh7 {[%emt 0:00:02]} 31. Rxg7+ {[%emt 0:00:58]} Kxg7 {[%emt 0:00:01]} 32. Rg1+ {[%emt 0:01:33]} Kh6 {[%emt 0:00:22]} 33. Bf5 {[%emt 0:05:31]} Rf8 {[%emt 0:00:02]} 34. Rg6+ {[%emt 0:00:20]} Kh7 {[%emt 0:00:01]} 35. Kg5 {[%emt 0:01:13]} Rg8 {[%emt 0:01:27]} 36. Rxg8+ {[%emt 0:01:06]} Kxg8 {[%emt 0:00:01]} 37. Kf4 {[%emt 0:01:01]} Kf7 {[%emt 0:00:16]} 38. Bg4 {[%emt 0:00:31]} Ke7 {[%emt 0:00:19]} 39. Be2 {[%emt 0:00:24]} Bd7 {[%emt 0:00:29]} 40. Bd1 {[%emt 0:00:36]} Bc6 {[%emt 0:00:23]} 41. Be2 {[%emt 0:30:37]} Bd7 {[%emt 0:30:15]} 42. Bd1 {[%emt 0:00:00]} 1/2-1/2

[Event "14th SRB-ch Women 2020"]
[Site "Vrnjacka Banja"]
[Date "2020.12.13"]
[Round "9.4"]
[White "Eric, Jovana"]
[Black "Benderac, Ana"]
[Result "1-0"]
[WhiteElo "2278"]
[BlackElo "2202"]
[Annotator "ChessBase"]
[PlyCount "113"]
[EventDate "2020.12.07"]
[EventType "tourn"]
[EventCountry "SRB"]
[SourceTitle "playchess.com"]
[Source "ChessBase"]
[SourceQuality "1"]
[TimeControl "40/5400+30:1800+30"]

1. e4 {[%emt 0:00:00]} d5 {[%emt 0:00:00]} 2. exd5 {[%emt 0:00:00]} Nf6 {[%emt 0:00:00]} 3. Bb5+ {[%emt 0:00:14]} Bd7 {[%emt 0:00:06]} 4. Be2 {[%emt 0:00:37]} Nxd5 {[%emt 0:00:31]} 5. Nf3 {[%emt 0:00:23]} c5 {[%emt 0:11:19]} 6. O-O {[%emt 0:03:04]} Nc6 {[%emt 0:03:52]} 7. b3 {[%emt 0:04:02]} e5 {[%emt 0:05:56]} 8. Bb2 {[%emt 0:03:07]} f6 {[%emt 0:00:27]} 9. c3 {[%emt 0:04:20]} e4 {[%emt 0:09:32]} 10. Ne1 {[%emt 0:06:20]} Bd6 {[%emt 0:02:36]} 11. d3 {[%emt 0:00:54]} e3 {[%emt 0:00:29]} 12. Bh5+ {[%emt 0:03:46]} g6 {[%emt 0:11:17]} 13. Bf3 {[%emt 0:04:25]} exf2+ {[%emt 0:00:37]} 14. Rxf2 {[%emt 0:00:03]} Nf4 {[%emt 0:01:25]} 15. Nd2 {[%emt 0:03:58]} Qe7 {[%emt 0:03:33]} 16. Ne4 {[%emt 0:02:47]} O-O-O {[%emt 0:04:36]} 17. d4 {[%emt 0:05:37]} cxd4 {[%emt 0:10:16]} 18. cxd4 {[%emt 0:00:34]} g5 {[%emt 0:00:25]} 19. Nd3 {[%emt 0:10:22]} Nxd3 {[%emt 0:09:06]} 20. Nxd6+ {[%emt 0:01:44]} Qxd6 {[%emt 0:00:04]} 21. Qxd3 {[%emt 0:00:04]} Kb8 {[%emt 0:00:36]} 22. Be4 {[%emt 0:02:23]} h6 {[%emt 0:09:58]} 23. Raf1 {[%emt 0:00:47]} Rhf8 {[%emt 0:02:16]} 24. a4 {[%emt 0:08:58]} f5 {[%emt 0:02:54]} 25. Bxc6 {[%emt 0:12:57]} bxc6 {[%emt 0:00:09]} 26. b4 {[%emt 0:01:00]} Rfe8 {[%emt 0:02:55]} 27. Bc3 {[%emt 0:05:01]} f4 {[%emt 0:00:49]} 28. b5 {[%emt 0:02:07]} Re3 {[%emt 0:00:25]} 29. Qd2 {[%emt 0:00:52]} cxb5 {[%emt 0:01:25]} 30. Bb4 {[%emt 0:02:45]} Qd5 {[%emt 0:01:12]} 31. Bc5 {[%emt 0:00:24]} Qb7 {[%emt 0:00:48]} 32. axb5 {[%emt 0:02:23]} Bxb5 {[%emt 0:00:28]} 33. Qa5 {[%emt 0:00:29]} Rde8 {[%emt 0:01:14]} 34. Bxa7+ {[%emt 0:02:10]} Qxa7 {[%emt 0:02:53]} 35. Qxb5+ {[%emt 0:00:07]} Qb7 {[%emt 0:00:05]} 36. Qc5 {[%emt 0:01:10]} R3e6 {[%emt 0:00:52]} 37. d5 {[%emt 0:01:09]} Rb6 {[%emt 0:00:42]} 38. Rd2 {[%emt 0:01:34]} Rd8 {[%emt 0:01:36]} 39. Qd4 {[%emt 0:01:45]} Rb5 {[%emt 0:00:39]} 40. Qe5+ {[%emt 0:02:32]} Qc7 {[%emt 0:00:14]} 41. Qe2 {[%emt 0:32:49]} Qc5+ {[%emt 0:03:13]} 42. Kh1 {[%emt 0:00:00]} Rxd5 {[%emt 0:06:31]} 43. Rxd5 {[%emt 0:00:00]} Qxd5 {[%emt 0:00:10]} 44. Rd1 {[%emt 0:00:00]} Qe5 {[%emt 0:03:11]} 45. Qd3 {[%emt 0:00:00]} Qc5 {[%emt 0:03:58]} 46. h3 {[%emt 0:00:00]} Qb6 {[%emt 0:03:51]} 47. Qd7 {[%emt 0:00:00]} Rc5 {[%emt 0:04:17]} 48. Qe8+ {[%emt 0:00:00]} Kb7 {[%emt 0:04:56]} 49. Qe4+ {[%emt 0:00:00]} Qc6 {[%emt 0:00:23]} 50. Qe7+ {[%emt 0:00:00]} Kb6 {[%emt 0:02:25]} 51. Rd6 {[%emt 0:00:00]} Qxd6 {[%emt 0:00:04]} 52. Qxd6+ {[%emt 0:00:00]} Rc6 {[%emt 0:00:01]} 53. Qd4+ {[%emt 0:00:00]} Kc7 {[%emt 0:00:03]} 54. h4 {[%emt 0:00:00]} gxh4 {[%emt 0:00:11]} 55. Qxf4+ {[%emt 0:00:00]} Kd7 {[%emt 0:00:03]} 56. Qf7+ {[%emt 0:00:00]} Kd6 {[%emt 0:01:53]} 57. Kh2 {[%emt 0:08:47]} 1-0

[Event "14th SRB-ch Women 2020"]
[Site "Vrnjacka Banja"]
[Date "2020.12.13"]
[Round "9.5"]
[White "Chelushkina, Irina"]
[Black "Drljevic, Ljilja"]
[Result "0-1"]
[WhiteElo "2224"]
[BlackElo "2174"]
[Annotator "TA"]
[PlyCount "94"]
[EventDate "2020.12.07"]
[EventType "tourn"]
[EventCountry "SRB"]
[SourceTitle "playchess.com"]
[Source "ChessBase"]
[SourceQuality "1"]

{[%evp 12,94,77,3,11,8,10,10,48,24,18,12,19,0,0,0,16,24,35,40,153,154,174,12,99,12,11,20,15,-46,-24,-95,-56,-118,-108,-147,-155,-290,-149,-170,-136,-139,-133,-154,-153,-191,-132,-152,-97,-110,-65,-145,-154,-145,-143,-162,-162,-157,-167,-164,-151,-156,-183,-302,-295,-438,-298,-292,-275,-319,-333,-320,-299,-438,-431,-435,-412,-575,-580,-538,-488,-496,-448,-936,-923]} 1. e4 c5 2. Nf3 a6 3. d4 cxd4 4. Nxd4 Nf6 5. Nc3 d6 6. Be3 b5 7. f3 {7.f3 is better than 7.a3.} (7. Nd5 $16 {Strongly threatening Nxb5!} Bb7 8. Nxf6+ gxf6 9. a4) 7... Bb7 $11 {B90: Sicilian Najdorf: Unusual White 6th moves, 6 Be3 Ng4 and 6 Be3 e5.} 8. Qd2 Nbd7 9. a3 g6 {The position is equal.} 10. O-O-O h5 11. Kb1 Bg7 12. h4 Rc8 13. Be2 {[#]} Nc5 $146 ({Predecessor:} 13... Qc7 14. Na2 Ne5 15. Nb3 Nc4 16. Bxc4 Qxc4 17. Na5 Qc7 18. Nxb7 Qxb7 19. Bd4 Rc4 {1-0 (28) Eswaran,A (2244)-Nguyen,T (2285) chess.com INT 2020}) 14. Rhe1 O-O 15. Bh6 Kh7 ({Better is} 15... Bxh6 $14 16. Qxh6 Qc7) 16. Bxg7 $16 Kxg7 {[#]} 17. Qg5 $2 (17. e5 $1 $18 {[%mdl 512]}) 17... Nh7 (17... e6 $1 $11 {remains equal.}) 18. Qe3 (18. Qg3 $1 $16) 18... e5 $11 19. Nb3 $1 Qxh4 20. Rh1 (20. Nxc5 $11 dxc5 21. a4) 20... Qe7 $36 {[%mdl 2048] Black has the initiative.} 21. Qf2 (21. Nxc5 $11 {keeps the balance.} Rxc5 22. Rd2) 21... Ne6 22. Na5 ({White should try} 22. Qb6 $15) 22... Ba8 $1 $17 23. Bd3 Nf6 24. g3 {[#]} (24. Qe1 $17 {keeps fighting.}) 24... Rh8 (24... Rxc3 $1 $19 {[%mdl 512]} 25. bxc3 d5 {[%mdl 64] Discovered Attack}) 25. Qd2 Qc7 26. Nb3 d5 27. exd5 Nxd5 28. Ne4 Rcd8 (28... f5 $19 29. Ng5 Nxg5 30. Qxg5 Qe7 31. Qxe7+ Nxe7) 29. Rhe1 Ne7 (29... Nd4 $142 30. Nxd4 exd4) 30. Qf2 Rc8 31. Nc3 ({White should play} 31. f4 $15) 31... Nd5 32. Nxd5 Bxd5 33. Qe3 Bxb3 34. cxb3 {[#]} Rcd8 $1 35. Rc1 Qd6 36. Red1 Nd4 37. Bf1 (37. b4 $142) 37... Qf6 $19 38. Rc3 (38. Rd3 $142) 38... h4 39. gxh4 Rxh4 40. Re1 Rh1 41. Ka2 a5 42. Rc7 (42. Qe4 $142 b4 43. Rcc1) 42... Nxf3 43. Rec1 Nd4 44. Bd3 Rxc1 {Black is clearly winning.} 45. Rxc1 Qe6 46. Rh1 {and the idea Qh6+ leaves White hopeful.} Rh8 47. Re1 (47. Rxh8 $142 Kxh8 48. Kb1) 47... Rh3 {Quite a comeback for Black.  Weighted Error Value: White=0.50/Black=0.26} 0-1